Normal view
MARC view
Entry Personal Name
001 - CONTROL NUMBER
- control field: 41968
003 - CONTROL NUMBER IDENTIFIER
- control field: ARRUPE
005 - DATE AND TIME OF LATEST TRANSACTION
- control field: 20180904123633.0
008 - FIXED-LENGTH DATA ELEMENTS
- fixed length control field: 180904|| aca||aabn | a|a d
040 ## - CATALOGING SOURCE
- Original cataloging agency: ARRUPE
- Transcribing agency: ARRUPE
100 ## - HEADING--PERSONAL NAME
- Personal name: Barth, Karl,
- Dates associated with a name: 1886-1968
- General subdivision: Influence.
670 ## - SOURCE DATA FOUND
- Source citation: Work cat.: (ARRUPE)0: Wigley, Stephen D. 41966, Karl Barth and Hans Urs von Balthasar :, c2007.